Shāh Murād K̲h̲ānpūrī : (Record no. 525118)
[ view plain ]
| 000 -LEADER | |
|---|---|
| fixed length control field | 01223cam a22003497a 4500 |
| 001 - CONTROL NUMBER | |
| control field | 14447439 |
| 003 - CONTROL NUMBER IDENTIFIER | |
| control field | NUST |
| 005 - DATE AND TIME OF LATEST TRANSACTION | |
| control field | 20190628064422.0 |
| 008 - FIXED-LENGTH DATA ELEMENTS--GENERAL INFORMATION | |
| fixed length control field | 060712s2004 pk a b 000 0burdo |
| 010 ## - LIBRARY OF CONGRESS CONTROL NUMBER | |
| LC control number | 2006330323 |
| 020 ## - INTERNATIONAL STANDARD BOOK NUMBER | |
| International Standard Book Number | 9694721644 |
| 025 ## - OVERSEAS ACQUISITION NUMBER | |
| Overseas acquisition number | P-U-2006330323 ; 20 |
| 038 ## - RECORD CONTENT LICENSOR | |
| Staff Name | Azhar |
| 040 ## - CATALOGING SOURCE | |
| Original cataloging agency | DLC |
| Transcribing agency | DLC |
| 042 ## - AUTHENTICATION CODE | |
| Authentication code | lcode |
| 043 ## - GEOGRAPHIC AREA CODE | |
| Geographic area code | az----- |
| 050 00 - LIBRARY OF CONGRESS CALL NUMBER | |
| Classification number | MLCSA 2009/02046 (P) |
| 082 ## - DEWEY DECIMAL CLASSIFICATION NUMBER | |
| Classification number | 891.439092 |
| Author Mark | TUR |
| 100 1# - MAIN ENTRY--PERSONAL NAME | |
| Personal name | Turābī, Nis̲ār. |
| 9 (RLIN) | 15893 |
| 245 10 - TITLE STATEMENT | |
| Title | Shāh Murād K̲h̲ānpūrī : |
| Remainder of title | ḥayāt o fan / |
| Statement of responsibility, etc. | Nis̲ār Turābī. |
| 260 ## - PUBLICATION, DISTRIBUTION, ETC. | |
| Place of publication, distribution, etc. | Islāmābād : |
| Name of publisher, distributor, etc. | Akādamī Adabiyāt-i Pākistān, |
| Date of publication, distribution, etc. | 2004. |
| 300 ## - PHYSICAL DESCRIPTION | |
| Extent | 165 p. ; |
| Other physical details | ill. ; |
| Dimensions | 22 cm. |
| 490 0# - SERIES STATEMENT | |
| Series statement | Pākistānī adab ke miʻmār |
| 504 ## - BIBLIOGRAPHY, ETC. NOTE | |
| Bibliography, etc. note | Includes bibliographical references (p. 151-165). |
| 520 ## - SUMMARY, ETC. | |
| Summary, etc. | On the life and works of Shāh Murād, d. 1702, a noted Sufi poet from South Asia; includes sample of his works. |
| 546 ## - LANGUAGE NOTE | |
| Language note | In Urdu. |
| 653 0# - INDEX TERM--UNCONTROLLED | |
| Uncontrolled term | Shāh Murād, d. 1702; |
| -- | biography |
| 710 2# - ADDED ENTRY--CORPORATE NAME | |
| Corporate name or jurisdiction name as entry element | Akādmī Adabiyāt-i Pākistān. |
| 9 (RLIN) | 15894 |
| 906 ## - LOCAL DATA ELEMENT F, LDF (RLIN) | |
| a | 7 |
| b | cbc |
| c | origode |
| d | 4 |
| e | ncip |
| f | 20 |
| g | y-gencatlg |
| 942 ## - ADDED ENTRY ELEMENTS (KOHA) | |
| Source of classification or shelving scheme | |
| Koha item type | Book |
| Withdrawn status | Lost status | Source of classification or shelving scheme | Damaged status | Not for loan | Permanent Location | Current Location | Shelving location | Date acquired | Total Checkouts | Full call number | Barcode | Date last seen | Price effective from | Koha item type |
|---|---|---|---|---|---|---|---|---|---|---|---|---|---|---|
| Central Library (CL) | Central Library (CL) | Punjabi Literature | 06/28/2019 | 891.439092 TUR | CL-E-1128 | 06/28/2019 | 06/28/2019 | Book |
